| 000 | 00481nam a22001817a 4500 | ||
|---|---|---|---|
| 999 |
_c29878 _d29877 |
||
| 003 | OSt | ||
| 005 | 20210706101059.0 | ||
| 008 | 170908b xxu||||| |||| 00| 0 eng d | ||
| 020 | _a0619000619 | ||
| 022 | _2joseph a.brady | ||
| 040 |
_aMMU _beng _cMMU _dMMU |
||
| 050 | _aHD30.213 .B73 2000 | ||
| 245 |
_aAdvanced cases in MIS/ _cJoseph A. Brady... [et al. ]. |
||
| 260 |
_aSingapore: _bThomson Learning, _c2000. |
||
| 300 | _ax,222p.; | ||
| 650 | _a MIS | ||
| 942 |
_2lcc _cLOAN LOAN |
||